[Event "Summer Prague Open 2025 - A"]
[Site "Olympik hotel, Sokolovska 138, Praha"]
[Date "2025.08.15"]
[Round "8"]
[Board "19"]
[White "Hozda, Max"]
[Black "Kuhn, Ulf"]
[Result "1/2-1/2"]
[WhiteElo "1963"]
[BlackElo "2105"]
[PlyCount "0"]
[EventDate "2025.08.08"]
[EventRounds "9"]
[EventCountry "CZE"]

1. d4 Nf6 2. c4 e6 3. Nc3 Bb4 4. e3 O-O 5. Bd3 d5 6. Nge2 b6 7. O-O Bb7 8. cxd5 exd5
9. a3 Bd6 10. f3 c5 11. Kh1 Nc6 12. Bd2 Re8 13. Rc1 c4 14. Bc2 Na5 15. e4 dxe4 16.
fxe4 Nxe4 17. Nxe4 Bxe4 18. Bxe4 Rxe4 19. Bxa5 bxa5 20. Rxc4 Qd7 21. Qd3 Rae8 22.
Ng3 Rh4 23. Qf3 g6 24. b3 Bxg3 25. Qxg3 Rxd4 26. Rxd4 Qxd4 27. h3 Qd5 28. Kh2 h5
29. Rf6 Re7 30. Qd6 Qxd6+ 31. Rxd6 Rb7 32. Ra6 Rxb3 33. Rxa5 Rb7 34. h4 Kf8 35. Ra6
Ke7 36. Kh3 Kd7 37. Kg3 Kc7 38. Kf4 Kb8 39. g4 hxg4 40. Kxg4 Rd7 41. Kg5 Rd5+ 42.
Kf6 Kb7 43. Ra4 Rf5+ 44. Kg7 a5 45. Re4 Kb6 46. Re7 Rf4 47. Rxf7 Rxh4 48. Kxg6 Rh3
49. Kf5 Rxa3 50. Ke4 Rc3 51. Kd4 Rc8 52. Rf3 Kb5 53. Rb3+ Ka4 54. Rc3 Rh8 55. Kc4
Rg8 56. Kc5 Rh8 57. Kc4 Rb8 58. Kd3 Rb2 59. Kc4 Rb1 60. Kd3 Kb4 61. Kc2 Rh1 62. Rb3+
Ka4 63. Rg3 Rh2+ 64. Kb1 Rh4 65. Kb2 Kb5 66. Rf3 a4 67. Rg3 Kb4 68. Rf3 a3+ 69. Ka2
Rh2+ 70. Ka1 Rc2 71. Rf4+ Kb3 72. Rf3+ Rc3  1/2-1/2

[Event "Summer Prague Open 2025 - A"]
[Site "Olympik hotel, Sokolovska 138, Praha"]
[Date "2025.08.15"]
[Round "8"]
[Board "20"]
[White "Mok, Erwin Jun-Han"]
[Black "Fogel, Pierre"]
[Result "1/2-1/2"]
[WhiteElo "1886"]
[BlackElo "2103"]
[PlyCount "0"]
[EventDate "2025.08.08"]
[EventRounds "9"]
[EventCountry "CZE"]

1. d4 d5 2. c4 e6 3. Nc3 Nf6 4. cxd5 exd5 5. Bg5 c6 6. e3 Be7 7. Bd3 O-O 8. Nge2
Re8 9. Qc2 Nbd7 10. f3 Nf8 11. Bh4 g6 12. O-O Ne6 13. Bf2 c5 14. Bb5 Bd7 15. Bxd7
Qxd7 16. Rad1 cxd4 17. Nxd4 Nxd4 18. Rxd4 Qe6 19. Qd2 Rad8 20. Rd1 Bc5 21. Rd3 Bb4
22. a3 Ba5 23. b4 Bb6 24. Na4 Bc7 25. Nc5 Qd6 26. Bg3 Qc6 27. Bh4 Bb6 28. Nxb7 Qxb7
29. Bxf6 Rd6 30. Bd4 Rde6 31. Rc3 h5 32. Re1 Qb8 33. Bxb6 Qxb6 34. Rc5 a5 35. Qd4
axb4 36. axb4 Qa7 37. Kf2 Qb8 38. g3 Rb6 39. Rb1 Rd8 40. b5 Rbd6 41. Rb2 Qb6 42.
Rcc2 Rb8 43. Qxb6 Rbxb6 44. Ke2 d4 45. exd4 Rxd4 46. Rd2 Ra4 47. Rd5 Kg7 48. Kd3
Kf6 49. Rd4 Ra8 50. Kc4 Rc8+ 51. Kb4 Rxb5+ 52. Kxb5 Rb8+ 53. Kc6 Rxb2 54. Rf4+ Kg7
55. h4 Rg2 56. g4 hxg4  1/2-1/2

[Event "Summer Prague Open 2025 - A"]
[Site "Olympik hotel, Sokolovska 138, Praha"]
[Date "2025.08.15"]
[Round "8"]
[Board "21"]
[White "Chubar, Vladimir"]
[Black "Taborsky, Rostislav"]
[Result "0-1"]
[WhiteElo "1928"]
[BlackElo "2093"]
[PlyCount "0"]
[EventDate "2025.08.08"]
[EventRounds "9"]
[EventCountry "CZE"]

1. d4 f5 2. g3 Nf6 3. Bg2 e6 4. Nd2 d5 5. Nh3 Bd6 6. O-O O-O 7. c4 c6 8. b3 Nbd7
9. Nf3 a5 10. a4 Ne4 11. Nf4 Qe7 12. Nd3 g5 13. Bb2 b6 14. Nfe5 Bb7 15. f3 Nef6 16.
Qd2 Qg7 17. Nxd7 Nxd7 18. e4 Rae8 19. exd5 exd5 20. Rae1 f4 21. Rxe8 Rxe8 22. gxf4
gxf4 23. Re1 Rxe1+ 24. Qxe1 Qg6 25. Ne5 Nxe5 26. dxe5 Bc5+ 27. Kh1 Be3 28. c5 Qc2
29. Qa1 bxc5 30. Bh3 d4 31. Be6+ Kf8 32. Bc4 Bc8 33. Ba3 Bh3 34. Bxc5+ Ke8 35. Bf1
Bxf1 36. Qxf1 Qxc5 37. Kg2 Qc2+ 38. Kh3 d3  0-1

[Event "Summer Prague Open 2025 - A"]
[Site "Olympik hotel, Sokolovska 138, Praha"]
[Date "2025.08.15"]
[Round "8"]
[Board "22"]
[White "Toroptseva, Yevheniia"]
[Black "Hill, Andy"]
[Result "1-0"]
[WhiteElo "2201"]
[BlackElo "1989"]
[PlyCount "0"]
[EventDate "2025.08.08"]
[EventRounds "9"]
[EventCountry "CZE"]

1. e4 e6 2. d4 d5 3. Nd2 Nf6 4. e5 Nfd7 5. Bd3 c5 6. c3 Nc6 7. Ne2 cxd4 8. cxd4 f6
9. exf6 Nxf6 10. Nf3 Bd6 11. Bf4 Bxf4 12. Nxf4 O-O 13. O-O Ne4 14. Qc1 Qf6 15. Ne2
Nd6 16. Qd2 Bd7 17. Nc3 a6 18. Rae1 Nf7 19. Na4 Rae8 20. Nc5 Bc8 21. Bc2 Kh8 22.
Re2 Rg8 23. Qd3 g6 24. a3 Rg7 25. Ba4 b5 26. Bb3 Rf8 27. Rfe1 Nfd8 28. Bc2 g5 29.
Ne5 Nxe5 30. dxe5 Qf4 31. b3 Nc6 32. Qc3 Nd4 33. Rd2 Nxc2 34. Qxc2 Rc7 35. b4 Rf5
36. Qb2 g4 37. Rc2 Rh5 38. g3 Qh6 39. f4 gxf3 40. Nd3 Rxc2 41. Qxc2 Qf8 42. Nf4 Rf5
43. Kf2 Bd7 44. Qc7 Be8 45. Qc8 Qg8 46. Qxe6 Qxe6 47. Nxe6 Rf7 48. Re3 Re7 49. Nd4
Bg6 50. e6 Kg7 51. Kxf3 Be4+ 52. Kf4 Kf6 53. Rc3 h5 54. Rc6 Rg7 55. h3 Bg2 56. Nf5
Rg8 57. e7+  1-0

[Event "Summer Prague Open 2025 - A"]
[Site "Olympik hotel, Sokolovska 138, Praha"]
[Date "2025.08.15"]
[Round "8"]
[Board "23"]
[White "Rosen, Bernd"]
[Black "Jiricek, Jakub"]
[Result "1-0"]
[WhiteElo "2181"]
[BlackElo "1986"]
[PlyCount "0"]
[EventDate "2025.08.08"]
[EventRounds "9"]
[EventCountry "CZE"]

1. Nf3 c5 2. c4 Nf6 3. g3 Nc6 4. Nc3 g6 5. Bg2 Bg7 6. d4 cxd4 7. Nxd4 Nxd4 8. Qxd4
O-O 9. O-O d6 10. Qd3 Ng4 11. Qc2 Ne5 12. b3 Bf5 13. e4 Bd7 14. Bb2 Rc8 15. h3 Bc6
16. f4 Nd7 17. Nd5 Bxb2 18. Qxb2 b5 19. cxb5 Bxd5 20. exd5 Qb6+ 21. Qf2 Qxb5 22.
Rfe1 Rfe8 23. Rac1 Rxc1 24. Rxc1 Nb6 25. Qd4 Rc8 26. Rc6 Rxc6 27. dxc6 d5 28. Qc3
Na8 29. a4 Qb6+ 30. Kh2 Nc7 31. b4 e6 32. a5 Qb5 33. Kg1 a6 34. Bf1 d4 35. Qc4 Qxc4
36. Bxc4 Kf8 37. Bxa6 Ke7 38. Bd3 Kd6 39. b5 Nd5 40. b6 Kxc6 41. Be4 d3 42. Kf2  1-0

[Event "Summer Prague Open 2025 - A"]
[Site "Olympik hotel, Sokolovska 138, Praha"]
[Date "2025.08.15"]
[Round "8"]
[Board "24"]
[White "Smilek, Petr"]
[Black "Moser, Axel"]
[Result "0-1"]
[WhiteElo "1980"]
[BlackElo "2137"]
[PlyCount "0"]
[EventDate "2025.08.08"]
[EventRounds "9"]
[EventCountry "CZE"]

1. d4 Nf6 2. Nc3 d5 3. Bf4 c5 4. e4 Nxe4 5. Nxe4 dxe4 6. dxc5 Qa5+ 7. c3 Qxc5 8.
Qa4+ Nc6 9. Qxe4 Bf5 10. Be3 Qxc3+ 11. bxc3 Bxe4 12. Ne2 e5 13. Ng3 Bg6 14. Bb5 a6
15. Ba4 Ba3 16. O-O O-O 17. Bc1 Bc5 18. h4 h6 19. Re1 Rfe8 20. Be3 Bxe3 21. Rxe3
f5 22. Ree1 Rad8 23. Bxc6 bxc6 24. Rab1 Rd3 25. Rb6 Rxc3 26. Rxa6 h5 27. Rd1 f4 28.
Ne2 Rc2 29. Rd6 Bf7 30. Kf1 Rxe2 31. Rdxc6 Rxa2  0-1

[Event "Summer Prague Open 2025 - A"]
[Site "Olympik hotel, Sokolovska 138, Praha"]
[Date "2025.08.15"]
[Round "8"]
[Board "25"]
[White "Toniolo, Samuel"]
[Black "Rajnys, Vladimir"]
[Result "1-0"]
[WhiteElo "2078"]
[BlackElo "1961"]
[PlyCount "0"]
[EventDate "2025.08.08"]
[EventRounds "9"]
[EventCountry "CZE"]

1. e4 c6 2. d4 d5 3. exd5 cxd5 4. c4 Nf6 5. Nc3 e6 6. Nf3 Be7 7. cxd5 Nxd5 8. Bd3
O-O 9. O-O b6 10. Nxd5 exd5 11. Ne5 Bf6 12. Qh5 g6 13. Qf3 Be6 14. Bh6 Bg7 15. Bxg7
Kxg7 16. Qg3 Qd6 17. Rac1 f6 18. Bxg6 fxe5 19. dxe5 Qe7 20. Bd3+ Kh8 21. f4 Bf5 22.
Bxf5 Rxf5 23. Rc8+ Rf8 24. Qg5 Qg7 25. Qxg7+ Kxg7 26. Rxf8 Kxf8 27. Rd1 Nc6 28. Rxd5
Ke7 29. Rd6 Rc8 30. Rh6 Nb4 31. f5 Rc1+ 32. Kf2 Rc2+ 33. Kf3 Rxb2 34. Rxh7+ Kf8 35.
e6 Nc6 36. Rc7 Nd4+ 37. Ke4 Nxe6 38. fxe6 Rxg2 39. Rxa7 Rxh2 40. Kd5 Rd2+ 41. Kc6
Rb2 42. a4 Rb4 43. Kd6 Rd4+ 44. Kc6 Rb4 45. Kd7 Rd4+ 46. Kc7 Rb4 47. Kd8 Rd4+ 48.
Rd7  1-0

[Event "Summer Prague Open 2025 - A"]
[Site "Olympik hotel, Sokolovska 138, Praha"]
[Date "2025.08.15"]
[Round "8"]
[Board "26"]
[White "Cabela, Filip"]
[Black "Mrinmoy, Rajkhowa"]
[Result "0-1"]
[WhiteElo "2000"]
[BlackElo "2068"]
[PlyCount "0"]
[EventDate "2025.08.08"]
[EventRounds "9"]
[EventCountry "CZE"]

1. e4 c5 2. Nc3 d6 3. d4 cxd4 4. Qxd4 Nc6 5. Qd2 Nf6 6. b3 e6 7. Bb2 d5 8. exd5 exd5
9. O-O-O Be6 10. Kb1 Qa5 11. Nb5 Bb4 12. Qf4 O-O-O 13. a3 Be7 14. Rd4 Ne4 15. Ra4
Bg5 16. Rxa5 Bxf4 17. Nxa7+ Nxa7 18. Rxa7 Nxf2 19. Ne2 Bb8 20. Ra8 Nxh1 21. Bd4 Kd7
22. g3 h5 23. Bg2 Nxg3 24. hxg3 f6 25. Bf2 Be5 26. Ra7 Kc7 27. c4 Bf5+ 28. Kc1 Be4
29. Bxe4 dxe4 30. Ra5 Rd3 31. Rb5 g5 32. Bg1 h4  0-1

[Event "Summer Prague Open 2025 - A"]
[Site "Olympik hotel, Sokolovska 138, Praha"]
[Date "2025.08.15"]
[Round "8"]
[Board "27"]
[White "Koridze, Lile"]
[Black "Zelezny, Jan"]
[Result "1-0"]
[WhiteElo "2110"]
[BlackElo "1980"]
[PlyCount "0"]
[EventDate "2025.08.08"]
[EventRounds "9"]
[EventCountry "CZE"]

1. d4 d5 2. c4 e6 3. Nf3 Nf6 4. g3 Bd6 5. Bg2 O-O 6. O-O h6 7. b3 b6 8. Bb2 Bb7 9.
Nc3 Nbd7 10. Qc2 Re8 11. Rad1 a6 12. Nd2 c5 13. dxc5 bxc5 14. cxd5 exd5 15. Nc4 dxc4
16. Bxb7 Ra7 17. Rxd6 Rxb7 18. bxc4 Qb8 19. Rd2 Ne5 20. Nd1 Rb4 21. Bxe5 Qxe5 22.
a3 Rb6 23. Ne3 Qh5 24. Rfd1 Rbe6 25. Rd8 g6 26. Rxe8+ Rxe8 27. Qd3 Kh7 28. Qd6 Kg7
29. Qd3 Kh7 30. Rb1 Ng4 31. Nxg4 Qxg4 32. Rb7 Rxe2 33. Rxf7+ Kg8 34. Rf4 Qe6 35.
Qd8+ Kh7 36. Qc7+ Kg8 37. Qxc5 g5 38. Qf8+ Kh7 39. Qf7+ Qxf7 40. Rxf7+ Kg6 41. Rb7
a5 42. Rb5 Rc2 43. Rxa5 Rxc4 44. Ra6+ Kg7 45. h3 h5 46. Kg2 g4 47. hxg4 hxg4 48.
Rb6  1-0

[Event "Summer Prague Open 2025 - A"]
[Site "Olympik hotel, Sokolovska 138, Praha"]
[Date "2025.08.16"]
[Round "9"]
[Board "1"]
[White "Prokofiev, Valentyn"]
[Black "Walek, Petr"]
[Result "1-0"]
[WhiteElo "2426"]
[BlackElo "2284"]
[PlyCount "0"]
[EventDate "2025.08.08"]
[EventRounds "9"]
[EventCountry "CZE"]

1. c4 e6 2. d4 Nf6 3. Nc3 d5 4. cxd5 exd5 5. Bg5 Bb4 6. e3 h6 7. Bh4 g5 8. Bg3 Ne4
9. Nge2 h5 10. h4 Nxg3 11. Nxg3 gxh4 12. Nxh5 Qg5 13. Qa4+ Nc6 14. Nf4 Bd7 15. Qb5
Nxd4 16. Qxb7 Bc6 17. Qa6 O-O 18. O-O-O Rab8 19. Rxd4 Bxc3 20. bxc3 Rb6 21. Qa3 Rfb8
22. Bd3 Rb2 23. Qxb2 Rxb2 24. Kxb2 a5 25. Be2 Bb7 26. Nxd5 Qe5 27. Bf3 a4 28. Rhxh4
c5 29. Rde4 a3+ 30. Kc1  1-0

[Event "Summer Prague Open 2025 - A"]
[Site "Olympik hotel, Sokolovska 138, Praha"]
[Date "2025.08.16"]
[Round "9"]
[Board "2"]
[White "Stojanovic, Mihajlo"]
[Black "Toman, Ondrej"]
[Result "1-0"]
[WhiteElo "2397"]
[BlackElo "2311"]
[PlyCount "0"]
[EventDate "2025.08.08"]
[EventRounds "9"]
[EventCountry "CZE"]

1. d4 d5 2. c4 e6 3. Nf3 dxc4 4. e4 Nf6 5. e5 Nd5 6. Bxc4 a6 7. O-O b5 8. Bd3 Bb7
9. a4 b4 10. Ng5 c5 11. Qg4 Nc6 12. Nxh7 cxd4 13. Re1 Qc7 14. Nxf8 Kxf8 15. Qg3 Rh5
16. f4 g6 17. Nd2 Nce7 18. Nf3 Qb6 19. Qf2 Rd8 20. a5 Qa7 21. Nxd4 Kg8 22. Be2 Rh8
23. Nf3 Qa8 24. Bd2 Nf5 25. Rac1 Kg7 26. Rc4 Rc8 27. Rec1 Rxc4 28. Rxc4 Rc8 29. Rc5
Qb8 30. Ng5 Rc7 31. g4 Nh6 32. Ne4 Rd7 33. Nd6 f5 34. h3 Nf7 35. Nxb7 Qxb7 36. Bf3
Rd8 37. gxf5 gxf5 38. Kh2 Kh7 39. Qh4+ Kg8 40. Rc1 Qb5 41. Bh5 Qd3 42. Rg1+ Kf8 43.
Bxf7 Qxd2+ 44. Kh1 Nxf4 45. Rg8+ Kxf7 46. Qh7#  1-0

[Event "Summer Prague Open 2025 - A"]
[Site "Olympik hotel, Sokolovska 138, Praha"]
[Date "2025.08.16"]
[Round "9"]
[Board "3"]
[White "Botea, David-Alexandru"]
[Black "Heinrich, John"]
[Result "1/2-1/2"]
[WhiteElo "2166"]
[BlackElo "2351"]
[PlyCount "0"]
[EventDate "2025.08.08"]
[EventRounds "9"]
[EventCountry "CZE"]

1. e4 c5 2. Nf3 d6 3. d4 cxd4 4. Nxd4 Nf6 5. Nc3 Nc6 6. Bg5 Bd7 7. Qd2 Rc8 8. f3
a6 9. Nxc6 Bxc6 10. Bc4 e6 11. Bb3 Be7 12. h4 b5 13. Ne2 Bd7 14. a4 Qc7 15. axb5
axb5 16. O-O O-O 17. Rfd1 Rfd8 18. Be3 Ra8 19. Nf4 Rdc8 20. Qe1 Qb7 21. Nd3 Be8 22.
Rxa8 Rxa8 23. Ra1 Nd7 24. Rxa8 Qxa8 25. Qb4 Qc6 26. e5 Bf8 27. exd6 Bxd6 28. Qd4
Be7 29. Bf2 h6 30. c3 Qc7 31. Nb4 Bf6 32. Qe3 Qa5 33. Kh2 Ne5 34. Qc5 Qd8 35. Bg3
Nd7 36. Qxb5 Bxh4 37. Qe2 Bxg3+ 38. Kxg3 Nf6 39. Kf2 Nh5 40. Qe4 Qd2+ 41. Qe2 Qg5
42. Nc2 Nf4 43. Qf1 Bb5 44. c4 Qc5+ 45. Ne3 Nd5 46. Qe1 Bxc4 47. Bxc4 Nxe3 48. Qxe3
Qxc4 49. Qd2 Qb3 50. Kf1 h5 51. Kg1 g6 52. Qd8+ Kg7 53. Qd4+ Kh7 54. Kh2 Qb8+ 55.
Kh1 e5 56. Qc4 f5 57. b4 Kh6 58. b5 e4 59. fxe4 fxe4 60. Qxe4 Qxb5 61. Qf4+ Kg7 62.
Qc7+ Kf6 63. Qd8+ Kf5 64. Qf8+ Kg5 65. Qe7+ Kf4 66. Qd6+ Kf5  1/2-1/2

[Event "Summer Prague Open 2025 - A"]
[Site "Olympik hotel, Sokolovska 138, Praha"]
[Date "2025.08.16"]
[Round "9"]
[Board "4"]
[White "Horak, Martin"]
[Black "Domanskiy, Mykola"]
[Result "0-1"]
[WhiteElo "2348"]
[BlackElo "2166"]
[PlyCount "0"]
[EventDate "2025.08.08"]
[EventRounds "9"]
[EventCountry "CZE"]

1. e4 c5 2. Nf3 d6 3. d4 cxd4 4. Nxd4 Nf6 5. Nc3 a6 6. Bg5 e6 7. Qe2 Be7 8. h4 h6
9. Be3 b5 10. O-O-O b4 11. e5 bxc3 12. exf6 cxb2+ 13. Kb1 gxf6 14. Qh5 Bd7 15. Bc4
Qc8 16. Bb3 d5 17. Nf5 exf5 18. Bxd5 Be6 19. Bxe6 Qxe6 20. Rhe1 Nc6 21. Bd4 Qc4 22.
Bxf6 Nb4 23. Bxb2 Qxc2+ 24. Ka1 Qc4 25. Rxe7+ Kxe7 26. Re1+ Kf8  0-1

[Event "Summer Prague Open 2025 - A"]
[Site "Olympik hotel, Sokolovska 138, Praha"]
[Date "2025.08.16"]
[Round "9"]
[Board "6"]
[White "Pavlis, Matej"]
[Black "Kulhanek, Tomas"]
[Result "1/2-1/2"]
[WhiteElo "2098"]
[BlackElo "2289"]
[PlyCount "0"]
[EventDate "2025.08.08"]
[EventRounds "9"]
[EventCountry "CZE"]

1. d4 d5 2. c4 Nc6 3. Nf3 e6 4. e3 Nf6 5. Nbd2 Be7 6. Bd3 Nb4 7. Bb1 dxc4 8. Nxc4
c5 9. O-O Qc7 10. Nce5 O-O 11. a3 Nc6 12. Nxc6 Qxc6 13. Qc2 b6 14. b4 Bb7 15. bxc5
bxc5 16. Bb2 cxd4 17. Qxc6 Bxc6 18. Nxd4 Bd5 19. Bd3 Rab8 20. Rfb1 Ne4 21. Bc1 Bf6
22. Rxb8 Rxb8 23. Rb1 Rxb1 24. Bxb1 Nc3 25. Bd3 Bxd4 26. exd4 Be4 27. Bd2 Bxd3 28.
Bxc3 Kf8 29. f3 f6 30. Kf2 h5 31. Ke3 Bc4 32. h4 Kf7 33. g3 g5 34. hxg5 fxg5 35.
f4 Kg6 36. fxg5 Kxg5 37. Bb4  1/2-1/2

[Event "Summer Prague Open 2025 - A"]
[Site "Olympik hotel, Sokolovska 138, Praha"]
[Date "2025.08.16"]
[Round "9"]
[Board "7"]
[White "Lihotsky, Lukas"]
[Black "Jun, Rudolf"]
[Result "1/2-1/2"]
[WhiteElo "2153"]
[BlackElo "2283"]
[PlyCount "0"]
[EventDate "2025.08.08"]
[EventRounds "9"]
[EventCountry "CZE"]

1. d4 Nf6 2. c4 g6 3. Nc3 Bg7 4. e4 d6 5. Be2 O-O 6. Nf3 c5 7. d5 a6 8. O-O Ne8 9.
h3 b6 10. Bf4 h6 11. Re1 Nd7 12. Bh2 Rb8 13. a4 Ne5 14. Nxe5 dxe5 15. Bd3 Rb7 16.
Qb1 a5 17. Qc2 g5 18. Be2 Nd6 19. Nb5 Bd7 20. Nxd6 exd6 21. Bg4 Bxg4 22. hxg4 Qd7
23. f3 Bf6 24. Bg3 Kg7 25. Kf2 Rh8 26. Rh1 Bd8 27. Rh5 Bf6 28. b3 Rh7 29. Rah1 Rb8
30. Ke2 Rbh8 31. Be1 Kf8 32. Bd2 Be7 33. Kd1 Ke8 34. Qd3 f6 35. g3 Bf8 36. Qe2 Rg8
37. Rg1 Rf7 38. Rh2 Bg7 39. Qd3  1/2-1/2

[Event "Summer Prague Open 2025 - A"]
[Site "Olympik hotel, Sokolovska 138, Praha"]
[Date "2025.08.16"]
[Round "9"]
[Board "8"]
[White "Mrazek, Adam"]
[Black "Brejnik, Gustav"]
[Result "0-1"]
[WhiteElo "2043"]
[BlackElo "2220"]
[PlyCount "0"]
[EventDate "2025.08.08"]
[EventRounds "9"]
[EventCountry "CZE"]

1. c4 e6 2. g3 d5 3. Bg2 dxc4 4. Qa4+ Qd7 5. Qxc4 c5 6. Nf3 Nc6 7. O-O Nf6 8. Nc3
Be7 9. a4 O-O 10. a5 Rd8 11. d3 Qc7 12. Nb5 Qb8 13. Be3 a6 14. Nc3 Qa7 15. Rfc1 Bd7
16. Ne4 Nxe4 17. dxe4 Be8 18. Ra3 Nd4 19. Bxd4 cxd4 20. Raa1 Bb5 21. Qc2 d3 22. exd3
Bxd3 23. Qc7 Bd6 24. Qb6 Qxb6 25. axb6 Bxe4 26. Ng5 Bxg2 27. Kxg2 Rac8 28. Ne4 Be7
29. h4 h6 30. Rab1 f5 31. Nc3 Rd4 32. Nd5 Rxc1 33. Nxe7+ Kf7 34. Rxc1 Kxe7 35. Rc7+
Rd7 36. Rc8 Kd6 37. Kf3 Ke5 38. Rc7 Rd3+ 39. Ke2 Rb3 40. Rxb7 Rxb2+ 41. Ke3 Rb3+
42. Ke2 g5 43. h5 g4 44. Rh7 Rxb6 45. Rxh6 Ke4 46. Rg6 Rb2+ 47. Ke1 Kf3 48. Rxe6
Rb1+ 49. Kd2 Rh1 50. Rxa6 Rxh5 51. Ra3+ Kxf2 52. Kd1 Rh8 53. Ra5 Rd8+ 54. Kc2 Kxg3
55. Rxf5 Kg2 56. Rf7 g3 57. Rg7 Kf2 58. Rf7+ Kg1 59. Rg7 g2  0-1

[Event "Summer Prague Open 2025 - A"]
[Site "Olympik hotel, Sokolovska 138, Praha"]
[Date "2025.08.16"]
[Round "9"]
[Board "10"]
[White "Dobrovolsky, Ladislav"]
[Black "Cuthbert, Michael"]
[Result "0-1"]
[WhiteElo "2103"]
[BlackElo "1901"]
[PlyCount "0"]
[EventDate "2025.08.08"]
[EventRounds "9"]
[EventCountry "CZE"]

1. d4 d5 2. Nf3 Nf6 3. c4 e6 4. e3 Be7 5. b3 O-O 6. Bb2 c5 7. Bd3 cxd4 8. exd4 b6
9. O-O Bb7 10. Nbd2 Nbd7 11. Re1 Qc7 12. Rc1 Qf4 13. Qe2 Rac8 14. a3 Rfd8 15. Bb1
dxc4 16. bxc4 Bf8 17. Rc3 b5 18. Rb3 a6 19. a4 Bc6 20. axb5 axb5 21. c5 Nd5 22. Ne4
Qc7 23. Neg5 N7f6 24. Ne5 Be8 25. Nxh7 Be7 26. Ng5 Nf4 27. Qc2 Qb7 28. Rf3 N4d5 29.
Rg3 Nb4 30. Qc1 Nh5 31. Rh3 g6 32. Ne4 Nd5 33. Rf3 Kg7 34. Ng4 f5 35. Qh6+ Kg8 36.
Ne5 Bf8 37. Qg5 fxe4 38. Bxe4 Qe7 39. Qd2 Kg7 40. Bc1 Kh7 41. Rh3 Kg8 42. Nxg6 Bxg6
43. Bxg6 Nhf4 44. Rg3 Bg7 45. Bb1 Rf8 46. Qc2 Rf5 47. Qb3 Rh5 48. Bxf4 Nxf4 49. Qxb5
Rd8 50. Re4 Qc7 51. Qc4 Rhd5 52. h3 Rxd4 53. Qc2 Rd1+ 54. Kh2 Nh5 55. Reg4 Nxg3 56.
Qh7+ Kf8 57. fxg3 Rf1 58. Ba2 Rdd1  0-1

[Event "Summer Prague Open 2025 - A"]
[Site "Olympik hotel, Sokolovska 138, Praha"]
[Date "2025.08.16"]
[Round "9"]
[Board "11"]
[White "Taborsky, Rostislav"]
[Black "Mamyrov, Beybarys"]
[Result "1-0"]
[WhiteElo "2093"]
[BlackElo "1960"]
[PlyCount "0"]
[EventDate "2025.08.08"]
[EventRounds "9"]
[EventCountry "CZE"]

1. d4 d5 2. c4 e6 3. Nf3 c5 4. cxd5 exd5 5. g3 Nf6 6. Bg2 Nc6 7. O-O Be7 8. dxc5
Bxc5 9. Qc2 Be7 10. Rd1 O-O 11. Nc3 Qa5 12. Be3 Rd8 13. a3 Bg4 14. b4 Qc7 15. Nd4
Rac8 16. Rac1 a5 17. Nxc6 Qxc6 18. Qb3 Qc4 19. Qxc4 dxc4 20. bxa5 Bxa3 21. Bxb7 Bxc1
22. Bxc8 Rxd1+ 23. Nxd1 Bxc8 24. Bxc1 Kf8 25. Nc3 Ke8 26. Be3 Kd7 27. Bd4 Kc6 28.
e4 Ne8 29. f4 f6 30. Kf2 Nd6 31. Ke3 Nb5 32. f5 Nxc3 33. Bxc3 Kc5 34. g4 Bd7 35.
h4 Bc8 36. h5 Bd7 37. e5 fxe5 38. Bxe5 Kb4 39. a6 c3 40. a7 Bc6 41. Bxg7 c2 42. Kd2
Kc5 43. f6  1-0

[Event "Summer Prague Open 2025 - A"]
[Site "Olympik hotel, Sokolovska 138, Praha"]
[Date "2025.08.16"]
[Round "9"]
[Board "12"]
[White "Rossi, Gabriele Valerio"]
[Black "Grezels, Florian"]
[Result "0-1"]
[WhiteElo "2071"]
[BlackElo "2340"]
[PlyCount "0"]
[EventDate "2025.08.08"]
[EventRounds "9"]
[EventCountry "CZE"]

1. Nf3 Nf6 2. b3 d5 3. Bb2 e6 4. g3 Be7 5. Bg2 O-O 6. O-O c5 7. c4 Nc6 8. Ne5 Nxe5
9. Bxe5 d4 10. Bxf6 Bxf6 11. d3 Qc7 12. Na3 h5 13. Qd2 Be7 14. Nc2 Bd7 15. e3 dxe3
16. Qxe3 Rad8 17. Rad1 Bf6 18. Qf3 Qa5 19. Qxh5 Qxa2 20. Ne3 Qxb3 21. Be4 g6 22.
Qxc5 b6 23. Qc7 Qa4 24. h4 Rc8 25. Qf4 Bg7 26. d4 Qb4 27. Kg2 Qe7 28. Qg5 Rfe8 29.
f4 Bc6 30. Bxc6 Rxc6 31. Qxe7 Rxe7 32. Rd3 Rd7 33. Rfd1 a5 34. d5 exd5 35. cxd5 Rc5
36. Kf3 b5 37. d6 b4 38. Rd5 Rxd5 39. Nxd5 b3 40. Nb6 Rd8 41. Ke4 b2 42. d7 a4 43.
Nxa4 Rxd7  0-1

[Event "Summer Prague Open 2025 - A"]
[Site "Olympik hotel, Sokolovska 138, Praha"]
[Date "2025.08.16"]
[Round "9"]
[Board "13"]
[White "Kozissnik, Christian"]
[Black "Toroptseva, Yevheniia"]
[Result "0-1"]
[WhiteElo "2062"]
[BlackElo "2201"]
[PlyCount "0"]
[EventDate "2025.08.08"]
[EventRounds "9"]
[EventCountry "CZE"]

1. d4 d5 2. c4 e6 3. Nf3 Nf6 4. g3 Be7 5. Bg2 O-O 6. O-O c6 7. Qc2 Nbd7 8. Nbd2 b6
9. e4 dxc4 10. Nxc4 Bb7 11. Rd1 c5 12. Ng5 g6 13. e5 Nd5 14. Ne4 cxd4 15. Ned6 Nxe5
16. Nxb7 Qc7 17. Bf4 Nxf4 18. gxf4 Qxc4 19. Qd2 Ng4 20. h3 Nh6 21. Rac1 Qxa2 22.
Qxd4 Nf5 23. Qe5 Rac8 24. Ra1 Qb3 25. Rd7 Rc2 26. Be4 Re2 27. Kf1 Ng3+ 28. fxg3 Qe3
29. Qd4 Rf2+  0-1

[Event "Summer Prague Open 2025 - A"]
[Site "Olympik hotel, Sokolovska 138, Praha"]
[Date "2025.08.16"]
[Round "9"]
[Board "14"]
[White "Aadya, Ranganath"]
[Black "Rosen, Bernd"]
[Result "0-1"]
[WhiteElo "1875"]
[BlackElo "2181"]
[PlyCount "0"]
[EventDate "2025.08.08"]
[EventRounds "9"]
[EventCountry "CZE"]

1. e4 e6 2. d4 d5 3. Bd3 c5 4. exd5 exd5 5. Nf3 c4 6. Be2 Nf6 7. b3 cxb3 8. axb3
Bd6 9. O-O O-O 10. Nc3 Nc6 11. Nb5 Re8 12. Nxd6 Qxd6 13. Bb2 Bf5 14. c4 Be4 15. Ne5
Nd7 16. c5 Qe6 17. Nxc6 bxc6 18. Bf3 Nf6 19. Re1 Bxf3 20. Rxe6 Bxd1 21. Rxe8+ Rxe8
22. Rxd1 Re2 23. Bc1 Ne4 24. Be3 Rb2 25. Ra1 Nc3 26. g3 Nb5 27. Ra6 Rxb3 28. Rxc6
Kf8 29. Ra6 Ra3 30. Rc6 Ke7 31. Rc8 Ra4 32. Ra8 Nc7 33. Rb8 Ne6 34. Rb7+ Kf6 35.
c6 Rc4 36. Rxa7 Nxd4 37. Bxd4+ Rxd4 38. Ra5 Ke6 39. c7 Rc4 40. Ra6+ Kd7 41. Ra5 Kd6
42. Ra6+ Kxc7 43. Ra7+ Kd6 44. Rxf7 Rc7 45. Rxc7 Kxc7 46. Kf1 Kd6 47. Ke2 h5 48.
Kd3 Ke5 49. h3 g5 50. g4 hxg4 51. hxg4 d4 52. Ke2 Ke4 53. f3+ Kf4 54. Kd3 Kxf3 55.
Kxd4 Kxg4 56. Ke4 Kh3 57. Kf3 g4+ 58. Kf2 Kh2 59. Kf1 g3  0-1

[Event "Summer Prague Open 2025 - A"]
[Site "Olympik hotel, Sokolovska 138, Praha"]
[Date "2025.08.16"]
[Round "9"]
[Board "15"]
[White "Vos, Rik"]
[Black "Garbrecht, Jan"]
[Result "0-1"]
[WhiteElo "2060"]
[BlackElo "2160"]
[PlyCount "0"]
[EventDate "2025.08.08"]
[EventRounds "9"]
[EventCountry "CZE"]

1. d4 g6 2. c4 Bg7 3. Nc3 d6 4. e4 Nc6 5. Be3 e5 6. d5 Nce7 7. g3 f5 8. Bg2 Nf6 9.
Nge2 O-O 10. f3 a6 11. Qd2 fxe4 12. Nxe4 b5 13. Nxf6+ Bxf6 14. Rc1 Nf5 15. O-O Nxe3
16. Qxe3 Bg5 17. f4 Bh6 18. Qc3 Bg4 19. Bf3 Bd7 20. Be4 bxc4 21. Rce1 exf4 22. Nxf4
Bxf4 23. gxf4 Qf6 24. Qc2 Rae8 25. Kh1 Qd4 26. Qg2 Bh3  0-1

[Event "Summer Prague Open 2025 - A"]
[Site "Olympik hotel, Sokolovska 138, Praha"]
[Date "2025.08.16"]
[Round "9"]
[Board "16"]
[White "Flasik, Radoslav"]
[Black "Le Bris, Yann"]
[Result "1/2-1/2"]
[WhiteElo "2143"]
[BlackElo "2050"]
[PlyCount "0"]
[EventDate "2025.08.08"]
[EventRounds "9"]
[EventCountry "CZE"]

1. d4 d5 2. Nf3 e6 3. c4 Nf6 4. g3 dxc4 5. Bg2 Nc6 6. O-O Rb8 7. Nc3 b5 8. Ne5 Nxe5
9. dxe5 Nd7 10. Qc2 Bb7 11. Bxb7 Rxb7 12. Qe4 Qc8 13. Be3 c6 14. a4 Nc5 15. Bxc5
Bxc5 16. axb5 cxb5 17. Ra5 O-O 18. Nxb5 Rd8 19. Rc1 a6 20. Na3 Bxa3 21. Rxc4 Qd7
22. Rxa3 Qd1+ 23. Kg2 Rxb2 24. Rd3 Rd2 25. Qd4 Rxd3 26. exd3 Rf8 27. Rc7 Qb3 28.
h3 h6 29. Ra7 Qb5 30. Kh2 a5 31. Qd6 Rc8 32. Qe7 Rf8  1/2-1/2